[Event "Blitz 2018"]
[Site "Saint-Petersburg"]
[Date "2018.12.30"]
[Round "21"]
[Board "69"]
[White "Demidov Mikhail (RUS)"]
[Black "Pershin Denis (RUS)"]
[Result "0-1"]
[LiveChessVersion "1.4.8"]
[BlackElo "2354"]
[WhiteElo "2546"]

1. e4 {[%clk 0:03:03]} c6 {[%clk 0:03:04]} 2. d4 {[%clk 0:02:56]} d5
{[%clk 0:03:05]} 3. Nc3 {[%clk 0:02:57]} dxe4 {[%clk 0:03:06]} 4. Nxe4
{[%clk 0:02:58]} Bf5 {[%clk 0:03:07]} 5. Ng3 {[%clk 0:02:58]} Bg6
{[%clk 0:03:08]} 6. c3 {[%clk 0:03:00]} e6 {[%clk 0:03:07]} 7. Nh3
{[%clk 0:03:00]} Bd6 {[%clk 0:03:07]} 8. Nf4 {[%clk 0:03:01]} Qc7
{[%clk 0:03:07]} 9. Qf3 {[%clk 0:03:01]} Nd7 {[%clk 0:02:39]} 10. h4
{[%clk 0:03:02]} e5 {[%clk 0:02:40]} 11. Nxg6 {[%clk 0:02:23]} hxg6
{[%clk 0:02:40]} 12. h5 {[%clk 0:02:24]} gxh5 {[%clk 0:02:28]} 13. Rxh5
{[%clk 0:02:25]} Rxh5 {[%clk 0:02:11]} 14. Nxh5 {[%clk 0:02:26]} O-O-O
{[%clk 0:02:10]} 15. Qxf7 {[%clk 0:02:17]} exd4 {[%clk 0:02:10]} 16. Be2
{[%clk 0:01:46]} dxc3 {[%clk 0:02:06]} 17. bxc3 {[%clk 0:01:47]} Ngf6
{[%clk 0:01:54]} 18. Nxf6 {[%clk 0:01:38]} Nxf6 {[%clk 0:01:49]} 19. Qxc7+
{[%clk 0:01:37]} Kxc7 {[%clk 0:01:50]} 20. c4 {[%clk 0:01:12]} Be5
{[%clk 0:01:22]} 21. Rb1 {[%clk 0:01:11]} Ne4 {[%clk 0:01:22]} 22. Be3
{[%clk 0:00:42]} Rh8 {[%clk 0:00:47]} 23. Rb3 {[%clk 0:00:22]} Rh1+
{[%clk 0:00:24]} 24. Bf1 {[%clk 0:00:24]} c5 {[%clk 0:00:25]} 25. g4
{[%clk 0:00:10]} Bd4 {[%clk 0:00:15]} 26. a3 {[%clk 0:00:09]} b6 {[%clk 0:00:14]}
27. Ke2 {[%clk 0:00:07]} Nc3+ {[%clk 0:00:14]} 28. Ke1 {[%clk 0:00:08]} Ne4
{[%clk 0:00:12]} 29. Ke2 {[%clk 0:00:09]} Nc3+ {[%clk 0:00:12]} 30. Ke1
{[%clk 0:00:10]} Bxe3 {[%clk 0:00:12]} 31. Rxc3 {[%clk 0:00:10]} Bd4
{[%clk 0:00:13]} 32. Rf3 {[%clk 0:00:09]} Kd6 {[%clk 0:00:12]} 33. Ke2
{[%clk 0:00:10]} a6 {[%clk 0:00:10]} 34. Rb3 {[%clk 0:00:09]} Kc7
{[%clk 0:00:09]} 35. Rf3 {[%clk 0:00:09]} Kd6 {[%clk 0:00:11]} 36. Rf7
{[%clk 0:00:09]} b5 {[%clk 0:00:11]} 37. Ra7 {[%clk 0:00:06]} bxc4
{[%clk 0:00:12]} 38. Rxa6+ {[%clk 0:00:08]} Ke5 {[%clk 0:00:14]} 39. Ra4
{[%clk 0:00:06]} c3 {[%clk 0:00:12]} 40. Rc4 {[%clk 0:00:05]} Kd5
{[%clk 0:00:11]} 41. Bg2+ {[%clk 0:00:06]} Kxc4 42. Bxh1 {[%clk 0:00:08]} c2
{[%clk 0:00:12]} 43. Kd2 {[%clk 0:00:09]} Kb3 {[%clk 0:00:13]} 44. Be4 Bc3+ 45.
Kc1 {[%clk 0:00:11]} Bb2+ {[%clk 0:00:16]} 46. Kd2 0-1

[Event "Blitz 2018"]
[Site "Saint-Petersburg"]
[Date "2018.12.30"]
[Round "21"]
[Board "70"]
[White "Anikonov Dmitry (RUS)"]
[Black "Kryakvin Dmitry (RUS)"]
[Result "1/2-1/2"]
[LiveChessVersion "1.4.8"]
[BlackElo "2536"]
[WhiteElo "2511"]

1. d4 d5 2. c4 c6 3. Nc3 Nf6 4. Nf3 dxc4 5. g3 g6 6. Bg2 Bg7 7. O-O O-O 8. a4 Na6
9. e4 Bg4 10. Be3 Nb4 11. Qe2 Qa5 12. h3 Bxf3 13. Bxf3 Rfd8 14. Rad1 Qa6 15. d5
Nd3 16. b3 Ne5 17. Bg2 cxb3 18. Qxa6 bxa6 19. dxc6 Rdc8 20. Nd5 Nxc6 21. Rb1 Rab8
22. Rfc1 Nxd5 23. exd5 Nd4 24. Rxc8+ Rxc8 25. Bxd4 Bxd4 26. Rxb3 Rc1+ 27. Bf1 a5
28. Kg2 Rc2 29. Rf3 Bb6 30. Bb5 Kg7 31. g4 Rd2 32. Bc6 h6 33. Bb7 Rc2 34. Bc6 Rd2
35. Bb7 Bc5 36. Bc6 Bd6 37. Bb7 g5 38. Bc6 Bf4 39. Rb3 Kf6 40. Kf3 Bd6 41. Kg2
Ra2 42. Rf3+ Bf4 43. Rb3 Ke5 44. Kf3 Kd6 45. Rb7 Ra3+ 46. Kg2 e6 47. dxe6 fxe6
48. Be8 Bc1 49. Rxa7 Ra2 50. Rxa5 Be3 51. Ra6+ Ke7 52. Bb5 Rxf2+ 53. Kg3 Rb2 54.
Bc4 Bf4+ 55. Kf3 Rb4 56. Bxe6 Rd4 57. Bf5 Rd6 58. Ra7+ Kf6 59. a5 Rc6 60. Ra8
Rc3+ 61. Ke4 Rxh3 62. a6 Ra3 63. Bc8 Ke7 64. Bb7 Kd6 65. Rc8 Ra5 66. Rc6+ Kd7 67.
Rxh6 Kc7 68. Rh7+ Kb6 69. Rh6+ Ka7 70. Rf6 Ra4+ 71. Kf5 Ra5+ 72. Kg6 Ra4 73. Rf5
Bc1 74. Rxg5 Bxg5 75. Kxg5 Kb6 76. Kf5 Ra1 77. g5 Rf1+ 78. Ke6 Re1+ 79. Kf7 Rf1+
80. Kg7 Kc7 81. g6 Rf4 82. Kh6 Rh4+ 83. Kg5 Rh3 84. g7 Rg3+ 85. Kf6 Rg4 86. Kf7
Rf4+ 87. Kg6 Rg4+ 88. Kf6 Kb6 89. Bc8 Rg1 90. Kf7 Rf1+ 91. Kg8 Rg1 92. Bb7 Rg4
93. Kh7 Rh4+ 94. Kg6 Rg4+ 95. Kh6 Ka7 96. Bc8 Rg1 97. Kh7 Rh1+ 98. Kg8 Rg1 99.
Kf7 Rf1+ 100. Ke7 Rg1 101. Kf6 Kb6 102. Bb7 Rg4 103. Kf7 Rf4+ 104. Kg6 Rg4+ 105.
Kf6 1/2-1/2

[Event "Blitz 2018"]
[Site "Saint-Petersburg"]
[Date "2018.12.30"]
[Round "21"]
[Board "71"]
[White "Sokolov Andrei (LAT)"]
[Black "Kevlishvili Robby (NED)"]
[Result "1/2-1/2"]
[LiveChessVersion "1.4.8"]
[BlackElo "2530"]
[WhiteElo "2507"]

1. d4 {[%clk 0:03:03]} d5 {[%clk 0:03:03]} 2. c4 {[%clk 0:03:04]} c6
{[%clk 0:03:04]} 3. Nf3 {[%clk 0:03:05]} Nf6 {[%clk 0:03:05]} 4. e3
{[%clk 0:03:03]} Bf5 {[%clk 0:03:05]} 5. Nc3 {[%clk 0:03:02]} e6 {[%clk 0:03:05]}
6. Nh4 {[%clk 0:02:52]} Be4 {[%clk 0:03:06]} 7. Qb3 {[%clk 0:02:45]} Qc7
{[%clk 0:02:58]} 8. f3 {[%clk 0:02:38]} Bg6 {[%clk 0:02:59]} 9. Bd2
{[%clk 0:02:30]} Be7 {[%clk 0:02:58]} 10. Rc1 {[%clk 0:02:15]} dxc4
{[%clk 0:02:58]} 11. Bxc4 {[%clk 0:01:58]} O-O {[%clk 0:02:52]} 12. Nxg6
{[%clk 0:01:54]} hxg6 {[%clk 0:02:53]} 13. O-O {[%clk 0:01:54]} Nbd7
{[%clk 0:02:53]} 14. Be2 {[%clk 0:01:44]} Rad8 {[%clk 0:02:50]} 15. Rfd1
{[%clk 0:01:36]} Qb8 {[%clk 0:02:44]} 16. Be1 {[%clk 0:01:37]} Bd6
{[%clk 0:02:37]} 17. g3 {[%clk 0:01:38]} g5 {[%clk 0:01:59]} 18. Bf2
{[%clk 0:01:36]} g6 {[%clk 0:01:57]} 19. e4 {[%clk 0:01:31]} e5 {[%clk 0:01:51]}
20. d5 {[%clk 0:01:33]} c5 {[%clk 0:01:41]} 21. Nb5 {[%clk 0:01:20]} b6
{[%clk 0:01:42]} 22. Qa4 {[%clk 0:01:09]} a5 {[%clk 0:01:33]} 23. g4
{[%clk 0:01:01]} Ne8 {[%clk 0:01:27]} 24. a3 {[%clk 0:00:57]} Be7
{[%clk 0:01:19]} 25. Kg2 {[%clk 0:00:51]} Nd6 {[%clk 0:01:19]} 26. Nxd6
{[%clk 0:00:51]} Bxd6 {[%clk 0:01:20]} 27. Be3 {[%clk 0:00:49]} Be7
{[%clk 0:01:14]} 28. d6 {[%clk 0:00:48]} Bf6 {[%clk 0:01:06]} 29. b4
{[%clk 0:00:46]} axb4 {[%clk 0:01:01]} 30. axb4 {[%clk 0:00:47]} cxb4
{[%clk 0:00:48]} 31. Qxb4 {[%clk 0:00:49]} Kg7 {[%clk 0:00:47]} 32. Rc7
{[%clk 0:00:40]} Nc5 {[%clk 0:00:38]} 33. Bxc5 {[%clk 0:00:36]} bxc5
{[%clk 0:00:39]} 34. Qxc5 {[%clk 0:00:36]} Qb2 {[%clk 0:00:38]} 35. Qc2
{[%clk 0:00:35]} Qb4 {[%clk 0:00:38]} 36. d7 {[%clk 0:00:32]} Qb6
{[%clk 0:00:35]} 37. Rc6 {[%clk 0:00:22]} Qb7 {[%clk 0:00:32]} 38. Rcd6
{[%clk 0:00:20]} Rh8 {[%clk 0:00:25]} 39. Qc6 {[%clk 0:00:17]} Qxc6
{[%clk 0:00:22]} 40. Rxc6 {[%clk 0:00:18]} Ra8 {[%clk 0:00:20]} 41. Ba6
{[%clk 0:00:17]} Rhb8 {[%clk 0:00:18]} 42. Rd2 {[%clk 0:00:12]} Bd8
{[%clk 0:00:18]} 43. Rc8 {[%clk 0:00:09]} Kf6 {[%clk 0:00:17]} 44. Rxb8
{[%clk 0:00:08]} Rxb8 {[%clk 0:00:18]} 45. Bc8 {[%clk 0:00:08]} Ke7
{[%clk 0:00:17]} 46. Ba6 {[%clk 0:00:07]} Rb6 {[%clk 0:00:16]} 47. Bc4
{[%clk 0:00:08]} Rc6 {[%clk 0:00:15]} 48. Bb3 {[%clk 0:00:08]} Rb6
{[%clk 0:00:15]} 49. Ba2 {[%clk 0:00:09]} Ra6 {[%clk 0:00:16]} 50. h3
{[%clk 0:00:10]} Rb6 {[%clk 0:00:16]} 51. Kg3 {[%clk 0:00:07]} f6
{[%clk 0:00:15]} 52. Kf2 {[%clk 0:00:08]} Ra6 {[%clk 0:00:17]} 53. Bc4
{[%clk 0:00:08]} Rc6 {[%clk 0:00:18]} 54. Bb5 {[%clk 0:00:09]} Rb6
{[%clk 0:00:17]} 55. Rd5 {[%clk 0:00:10]} Rb7 {[%clk 0:00:16]} 56. Ke2
{[%clk 0:00:11]} Ra7 {[%clk 0:00:17]} 57. Kf2 {[%clk 0:00:08]} Bb6+
{[%clk 0:00:16]} 58. Ke2 {[%clk 0:00:07]} Ra2+ {[%clk 0:00:17]} 59. Rd2
{[%clk 0:00:08]} Ra8 {[%clk 0:00:15]} 60. Rd5 {[%clk 0:00:09]} Ra2+
{[%clk 0:00:16]} 61. Rd2 {[%clk 0:00:10]} Ra8 {[%clk 0:00:17]} 62. Bc6
{[%clk 0:00:10]} Rh8 {[%clk 0:00:17]} 63. Kf1 {[%clk 0:00:07]} Bd8
{[%clk 0:00:16]} 64. Kg2 {[%clk 0:00:09]} Bc7 {[%clk 0:00:15]} 65. Rc2
{[%clk 0:00:09]} Rb8 {[%clk 0:00:15]} 66. Ra2 {[%clk 0:00:07]} Rb6
{[%clk 0:00:15]} 67. Rc2 {[%clk 0:00:08]} Rb8 {[%clk 0:00:15]} 68. Kf2
{[%clk 0:00:08]} Bb6+ {[%clk 0:00:16]} 69. Ke2 {[%clk 0:00:09]} Bd8
{[%clk 0:00:17]} 70. Kf1 {[%clk 0:00:10]} Rb1+ {[%clk 0:00:18]} 71. Kg2
{[%clk 0:00:11]} Rb8 {[%clk 0:00:19]} 1/2-1/2

[Event "Blitz 2018"]
[Site "Saint-Petersburg"]
[Date "2018.12.30"]
[Round "21"]
[Board "72"]
[White "Chen Qi B (CHN)"]
[Black "Tukhaev Adam (UKR)"]
[Result "1/2-1/2"]
[LiveChessVersion "1.4.8"]
[BlackElo "2529"]
[WhiteElo "2416"]

1. e4 {[%clk 0:03:03]} d6 {[%clk 0:03:03]} 2. d4 {[%clk 0:03:04]} Nf6
{[%clk 0:03:03]} 3. Nc3 {[%clk 0:03:05]} g6 {[%clk 0:03:04]} 4. f4
{[%clk 0:03:06]} Bg7 {[%clk 0:03:05]} 5. Nf3 {[%clk 0:03:07]} O-O
{[%clk 0:03:04]} 6. e5 {[%clk 0:03:05]} Nfd7 {[%clk 0:03:05]} 7. h4
{[%clk 0:03:05]} c5 {[%clk 0:03:06]} 8. h5 {[%clk 0:03:02]} cxd4 {[%clk 0:03:07]}
9. Qxd4 {[%clk 0:03:03]} dxe5 {[%clk 0:03:08]} 10. Qf2 {[%clk 0:03:02]} e4
{[%clk 0:03:04]} 11. Ng5 {[%clk 0:02:49]} Nf6 {[%clk 0:01:48]} 12. hxg6
{[%clk 0:02:50]} hxg6 {[%clk 0:01:49]} 13. Qh4 {[%clk 0:02:44]} Qd4
{[%clk 0:01:05]} 14. Ngxe4 {[%clk 0:01:53]} Rd8 {[%clk 0:01:04]} 15. Bd3
{[%clk 0:01:54]} Bf5 {[%clk 0:00:56]} 16. Ne2 {[%clk 0:01:28]} Qb6
{[%clk 0:00:39]} 17. Nxf6+ {[%clk 0:01:16]} Qxf6 {[%clk 0:00:39]} 18. Qxf6
{[%clk 0:01:11]} Bxf6 {[%clk 0:00:40]} 19. Bxf5 {[%clk 0:01:06]} gxf5
{[%clk 0:00:41]} 20. Be3 {[%clk 0:00:58]} Nc6 {[%clk 0:00:40]} 21. c3
{[%clk 0:01:00]} Rd3 {[%clk 0:00:36]} 22. Kf2 {[%clk 0:01:01]} Rad8
{[%clk 0:00:37]} 23. Rag1 {[%clk 0:00:58]} Kf8 {[%clk 0:00:26]} 24. g4
{[%clk 0:00:55]} fxg4 {[%clk 0:00:27]} 25. Rxg4 {[%clk 0:00:56]} Ke8
{[%clk 0:00:28]} 26. Nc1 {[%clk 0:00:43]} R3d5 {[%clk 0:00:28]} 27. Nb3
{[%clk 0:00:37]} b6 {[%clk 0:00:28]} 28. Rh7 {[%clk 0:00:32]} Kf8
{[%clk 0:00:23]} 29. Ke2 {[%clk 0:00:22]} e6 {[%clk 0:00:21]} 30. Rh6
{[%clk 0:00:20]} Bg7 {[%clk 0:00:21]} 31. Rh7 {[%clk 0:00:21]} Bf6
{[%clk 0:00:22]} 32. Rh6 {[%clk 0:00:22]} Ke7 {[%clk 0:00:22]} 33. Rh1
{[%clk 0:00:20]} Rh8 {[%clk 0:00:23]} 34. Rxh8 {[%clk 0:00:21]} Bxh8
{[%clk 0:00:23]} 35. Rg8 {[%clk 0:00:20]} Bf6 {[%clk 0:00:23]} 36. Ra8
{[%clk 0:00:21]} Rd8 {[%clk 0:00:22]} 37. Rxd8 {[%clk 0:00:21]} Kxd8
{[%clk 0:00:23]} 38. Kd3 {[%clk 0:00:22]} Kc7 {[%clk 0:00:19]} 39. Ke4
{[%clk 0:00:22]} Ne7 {[%clk 0:00:13]} 40. Bd4 {[%clk 0:00:17]} Bxd4
{[%clk 0:00:14]} 41. Nxd4 {[%clk 0:00:18]} a6 {[%clk 0:00:15]} 42. Ke5
{[%clk 0:00:14]} Ng6+ {[%clk 0:00:17]} 43. Ke4 {[%clk 0:00:12]} f5+
{[%clk 0:00:18]} 44. Ke3 {[%clk 0:00:11]} Kd6 {[%clk 0:00:19]} 45. a4
{[%clk 0:00:09]} Kd5 {[%clk 0:00:18]} 46. b3 {[%clk 0:00:10]} a5 {[%clk 0:00:09]}
47. b4 {[%clk 0:00:10]} axb4 {[%clk 0:00:09]} 48. cxb4 {[%clk 0:00:12]} Nxf4
{[%clk 0:00:06]} 49. Nxf5 {[%clk 0:00:11]} Ng2+ {[%clk 0:00:04]} 50. Kf2
{[%clk 0:00:12]} exf5 {[%clk 0:00:05]} 51. Kxg2 {[%clk 0:00:12]} Kc4
{[%clk 0:00:06]} 52. a5 {[%clk 0:00:14]} bxa5 {[%clk 0:00:08]} 53. bxa5
{[%clk 0:00:15]} Kb5 {[%clk 0:00:09]} 54. Kf3 {[%clk 0:00:16]} f4
{[%clk 0:00:11]} 55. Kxf4 {[%clk 0:00:17]} Kxa5 56. Ke4 1/2-1/2

[Event "Blitz 2018"]
[Site "Saint-Petersburg"]
[Date "2018.12.30"]
[Round "21"]
[Board "73"]
[White "Yakubboev Nodirbek (UZB)"]
[Black "Anisimov Pavel (RUS)"]
[Result "0-1"]
[LiveChessVersion "1.4.8"]
[BlackElo "2519"]
[WhiteElo "2388"]

1. e4 {[%clk 0:03:02]} e6 {[%clk 0:03:02]} 2. Qe2 {[%clk 0:03:03]} c5
{[%clk 0:03:02]} 3. Nf3 {[%clk 0:02:59]} Nc6 {[%clk 0:02:58]} 4. g3
{[%clk 0:02:58]} g6 {[%clk 0:02:54]} 5. Bg2 {[%clk 0:02:58]} Bg7 {[%clk 0:02:55]}
6. O-O {[%clk 0:02:59]} Nge7 {[%clk 0:02:44]} 7. d3 {[%clk 0:02:32]} d6
{[%clk 0:02:35]} 8. c3 {[%clk 0:02:25]} O-O {[%clk 0:02:30]} 9. Na3
{[%clk 0:02:22]} a6 {[%clk 0:02:24]} 10. Nc2 {[%clk 0:02:12]} b5 {[%clk 0:02:24]}
11. d4 {[%clk 0:02:11]} cxd4 {[%clk 0:02:21]} 12. cxd4 {[%clk 0:02:11]} Bb7
{[%clk 0:02:20]} 13. h4 {[%clk 0:01:56]} h6 {[%clk 0:02:19]} 14. Bf4
{[%clk 0:01:45]} Rc8 {[%clk 0:02:09]} 15. Rfd1 {[%clk 0:01:42]} Na5
{[%clk 0:02:01]} 16. b3 {[%clk 0:01:19]} Qd7 {[%clk 0:02:01]} 17. Nfe1
{[%clk 0:01:08]} Nac6 {[%clk 0:01:50]} 18. Rab1 {[%clk 0:00:45]} Rfd8
{[%clk 0:01:50]} 19. Nf3 {[%clk 0:00:43]} Qe8 {[%clk 0:01:46]} 20. Be3
{[%clk 0:00:28]} Nb8 {[%clk 0:01:26]} 21. Nh2 {[%clk 0:00:26]} Kh7
{[%clk 0:01:24]} 22. Ne1 {[%clk 0:00:25]} Nd7 {[%clk 0:01:20]} 23. Nd3
{[%clk 0:00:16]} Ba8 {[%clk 0:01:18]} 24. Ng4 {[%clk 0:00:13]} f5
{[%clk 0:01:10]} 25. Nh2 {[%clk 0:00:10]} fxe4 {[%clk 0:01:09]} 26. Nf4
{[%clk 0:00:11]} Nf5 {[%clk 0:01:08]} 27. d5 {[%clk 0:00:11]} exd5
{[%clk 0:01:05]} 28. h5 {[%clk 0:00:10]} g5 {[%clk 0:00:59]} 29. Nxd5
{[%clk 0:00:10]} Qe5 {[%clk 0:00:55]} 30. Ng4 {[%clk 0:00:10]} Qe6
{[%clk 0:00:54]} 31. Nb4 {[%clk 0:00:04]} d5 {[%clk 0:00:51]} 32. Bxg5
{[%clk 0:00:03]} hxg5 {[%clk 0:00:49]} 33. Nxd5 {[%clk 0:00:04]} Bxd5
{[%clk 0:00:49]} 34. Rxd5 {[%clk 0:00:05]} Qxd5 {[%clk 0:00:48]} 35. Bxe4
{[%clk 0:00:06]} Re8 {[%clk 0:00:37]} 36. Re1 {[%clk 0:00:08]} Rxe4
{[%clk 0:00:37]} 37. Qxe4 {[%clk 0:00:09]} Qxe4 38. Rxe4 Nf6 {[%clk 0:00:32]} 39.
Nxf6+ {[%clk 0:00:11]} Bxf6 {[%clk 0:00:34]} 40. Re6 {[%clk 0:00:12]} Bd4 41. g4
{[%clk 0:00:11]} Nh6 {[%clk 0:00:28]} 42. Kg2 {[%clk 0:00:10]} Nxg4
{[%clk 0:00:28]} 43. Re4 {[%clk 0:00:11]} Bxf2 {[%clk 0:00:24]} 44. Rxg4
{[%clk 0:00:12]} Rc2 {[%clk 0:00:25]} 45. Kf3 {[%clk 0:00:12]} Kh6
{[%clk 0:00:25]} 46. Rg2 {[%clk 0:00:13]} Rc3+ {[%clk 0:00:22]} 47. Kxf2
{[%clk 0:00:13]} Rc2+ {[%clk 0:00:24]} 48. Kg3 {[%clk 0:00:13]} Rxg2+
{[%clk 0:00:25]} 49. Kxg2 {[%clk 0:00:15]} Kxh5 50. a4 b4 {[%clk 0:00:26]} 51.
Kg3 {[%clk 0:00:18]} g4 {[%clk 0:00:27]} 0-1

[Event "Blitz 2018"]
[Site "Saint-Petersburg"]
[Date "2018.12.30"]
[Round "21"]
[Board "74"]
[White "Belozerov Andrei (RUS)"]
[Black "Sanal Vahap (TUR)"]
[Result "0-1"]
[LiveChessVersion "1.4.8"]
[BlackElo "2488"]
[WhiteElo "2518"]

1. e4 {[%clk 0:02:59]} e5 {[%clk 0:03:03]} 2. Nf3 {[%clk 0:02:59]} Nf6
{[%clk 0:03:04]} 3. Nc3 {[%clk 0:03:01]} Nc6 {[%clk 0:03:04]} 4. Bc4
{[%clk 0:03:02]} Nxe4 {[%clk 0:02:58]} 5. Nxe4 {[%clk 0:03:02]} d5
{[%clk 0:02:59]} 6. Bd3 {[%clk 0:03:03]} dxe4 {[%clk 0:02:44]} 7. Bxe4
{[%clk 0:03:04]} Bd6 {[%clk 0:02:45]} 8. O-O {[%clk 0:03:03]} O-O
{[%clk 0:02:45]} 9. Re1 {[%clk 0:03:04]} Bg4 {[%clk 0:02:41]} 10. c3
{[%clk 0:03:05]} Qd7 {[%clk 0:02:08]} 11. d3 {[%clk 0:03:00]} Rae8
{[%clk 0:01:57]} 12. Qb3 {[%clk 0:02:21]} Na5 {[%clk 0:01:53]} 13. Qc2
{[%clk 0:02:05]} f5 {[%clk 0:01:52]} 14. Bd5+ {[%clk 0:02:01]} Kh8
{[%clk 0:01:53]} 15. Nd2 {[%clk 0:01:24]} e4 {[%clk 0:01:29]} 16. dxe4
{[%clk 0:01:17]} c6 {[%clk 0:01:31]} 17. Bc4 {[%clk 0:01:04]} fxe4
{[%clk 0:01:19]} 18. Be2 {[%clk 0:00:56]} Bc5 {[%clk 0:00:55]} 19. Nxe4
{[%clk 0:00:36]} Rxe4 {[%clk 0:00:45]} 20. Qxe4 {[%clk 0:00:37]} Bxf2+
{[%clk 0:00:46]} 21. Kh1 {[%clk 0:00:37]} Bxe1 {[%clk 0:00:42]} 22. Qxg4
{[%clk 0:00:38]} Qxg4 {[%clk 0:00:43]} 0-1

[Event "Blitz 2018"]
[Site "Saint-Petersburg"]
[Date "2018.12.30"]
[Round "21"]
[Board "75"]
[White "Bocharov Dmitry (RUS)"]
[Black "Gurvich Vitaly (RUS)"]
[Result "0-1"]
[LiveChessVersion "1.4.8"]
[BlackElo "2302"]
[WhiteElo "2517"]

1. Nf3 {[%clk 0:03:02]} Nf6 {[%clk 0:03:03]} 2. g3 {[%clk 0:03:03]} g6
{[%clk 0:03:03]} 3. Bg2 {[%clk 0:03:04]} Bg7 {[%clk 0:03:03]} 4. O-O
{[%clk 0:03:04]} O-O {[%clk 0:03:03]} 5. c4 {[%clk 0:03:05]} d6 {[%clk 0:03:02]}
6. Nc3 {[%clk 0:03:05]} Nc6 {[%clk 0:03:00]} 7. Rb1 {[%clk 0:03:00]} a5
{[%clk 0:03:01]} 8. d3 {[%clk 0:02:49]} e5 {[%clk 0:03:01]} 9. b3
{[%clk 0:02:46]} Bf5 {[%clk 0:03:00]} 10. Bb2 {[%clk 0:02:44]} e4
{[%clk 0:02:47]} 11. Nh4 {[%clk 0:02:32]} exd3 {[%clk 0:02:32]} 12. Nxf5
{[%clk 0:02:32]} dxe2 {[%clk 0:02:28]} 13. Nxe2 {[%clk 0:02:32]} gxf5
{[%clk 0:02:26]} 14. Bxc6 {[%clk 0:02:32]} bxc6 {[%clk 0:02:26]} 15. Nd4
{[%clk 0:02:33]} Ne4 {[%clk 0:01:40]} 16. Nxf5 {[%clk 0:02:21]} Bxb2
{[%clk 0:01:40]} 17. Rxb2 {[%clk 0:02:02]} Qg5 {[%clk 0:01:34]} 18. Qf3
{[%clk 0:01:59]} Rae8 {[%clk 0:01:20]} 19. Re2 {[%clk 0:01:55]} d5
{[%clk 0:01:16]} 20. h4 {[%clk 0:01:52]} Qg6 {[%clk 0:01:10]} 21. Rfe1
{[%clk 0:01:28]} Re6 {[%clk 0:01:07]} 22. Qf4 {[%clk 0:01:18]} Rfe8
{[%clk 0:01:07]} 23. Nd4 {[%clk 0:01:15]} Re5 {[%clk 0:00:34]} 24. Kg2
{[%clk 0:01:16]} c5 {[%clk 0:00:28]} 25. Nf3 {[%clk 0:01:10]} Rf5
{[%clk 0:00:28]} 26. Qe3 {[%clk 0:01:10]} c6 {[%clk 0:00:23]} 27. Qd3
{[%clk 0:01:08]} Re6 {[%clk 0:00:19]} 28. Nd2 {[%clk 0:01:02]} Nxd2
{[%clk 0:00:13]} 29. Rxe6 {[%clk 0:00:54]} Rxf2+ {[%clk 0:00:09]} 30. Kxf2
{[%clk 0:00:53]} Qxd3 {[%clk 0:00:10]} 31. R6e3 {[%clk 0:00:50]} Ne4+
{[%clk 0:00:09]} 32. Kf3 {[%clk 0:00:51]} Qd4 {[%clk 0:00:07]} 33. cxd5
{[%clk 0:00:50]} cxd5 {[%clk 0:00:08]} 34. R1e2 {[%clk 0:00:49]} h5
{[%clk 0:00:06]} 35. Kg2 {[%clk 0:00:50]} Kg7 {[%clk 0:00:06]} 36. Rf3
{[%clk 0:00:50]} f6 {[%clk 0:00:05]} 37. Rfe3 {[%clk 0:00:50]} Kg6
{[%clk 0:00:05]} 38. Rf3 {[%clk 0:00:51]} a4 {[%clk 0:00:06]} 39. Rfe3
{[%clk 0:00:50]} axb3 {[%clk 0:00:07]} 40. axb3 {[%clk 0:00:52]} Qd1
{[%clk 0:00:06]} 41. Ra2 {[%clk 0:00:51]} Qc1 {[%clk 0:00:06]} 42. Rf3
{[%clk 0:00:50]} c4 {[%clk 0:00:04]} 43. bxc4 {[%clk 0:00:51]} Qxc4
{[%clk 0:00:05]} 44. Rb2 {[%clk 0:00:49]} Qd4 {[%clk 0:00:05]} 45. Re2
{[%clk 0:00:50]} Qc4 {[%clk 0:00:06]} 46. Rb2 {[%clk 0:00:51]} d4
{[%clk 0:00:05]} 47. Rf4 {[%clk 0:00:51]} Qd5 {[%clk 0:00:06]} 48. Rb4
{[%clk 0:00:48]} Nc3+ {[%clk 0:00:06]} 49. Kh2 {[%clk 0:00:47]} d3
{[%clk 0:00:05]} 50. Rbd4 {[%clk 0:00:46]} Qb5 {[%clk 0:00:04]} 51. Rf3
{[%clk 0:00:46]} Ne2 {[%clk 0:00:04]} 52. Rdxd3 {[%clk 0:00:46]} Qb1
{[%clk 0:00:04]} 53. Rf2 {[%clk 0:00:32]} Qxd3 {[%clk 0:00:04]} 0-1

[Event "Blitz 2018"]
[Site "Saint-Petersburg"]
[Date "2018.12.30"]
[Round "21"]
[Board "76"]
[White "Gutenev Alexander (RUS)"]
[Black "Bindrich Falko (GER)"]
[Result "0-1"]
[LiveChessVersion "1.4.8"]
[BlackElo "2639"]
[WhiteElo "2419"]

1. e4 {[%clk 0:03:02]} c5 {[%clk 0:03:03]} 2. Nf3 {[%clk 0:03:03]} d6
{[%clk 0:03:05]} 3. d4 {[%clk 0:03:04]} cxd4 {[%clk 0:03:06]} 4. Nxd4
{[%clk 0:03:05]} Nf6 {[%clk 0:03:07]} 5. Nc3 a6 6. h3 {[%clk 0:03:07]} e5
{[%clk 0:03:09]} 7. Nb3 {[%clk 0:03:07]} h5 {[%clk 0:03:09]} 8. Be2
{[%clk 0:03:03]} Be6 {[%clk 0:03:09]} 9. Bg5 {[%clk 0:02:54]} Nbd7
{[%clk 0:03:10]} 10. O-O {[%clk 0:02:46]} Be7 {[%clk 0:03:10]} 11. Qd2
{[%clk 0:02:33]} Rc8 {[%clk 0:03:10]} 12. a4 {[%clk 0:02:18]} O-O
{[%clk 0:02:42]} 13. Be3 {[%clk 0:02:11]} Qc7 {[%clk 0:02:11]} 14. a5
{[%clk 0:02:11]} Rfe8 {[%clk 0:02:08]} 15. Rfc1 {[%clk 0:01:56]} Qc6
{[%clk 0:02:08]} 16. Bf3 {[%clk 0:01:53]} Bc4 {[%clk 0:01:48]} 17. Nd5
{[%clk 0:01:47]} Bxd5 {[%clk 0:01:31]} 18. exd5 {[%clk 0:01:48]} Qc4
{[%clk 0:01:32]} 19. Qd1 {[%clk 0:01:34]} e4 {[%clk 0:01:25]} 20. Nd2
{[%clk 0:01:16]} Qb4 {[%clk 0:01:13]} 21. c3 {[%clk 0:01:13]} Qb5
{[%clk 0:01:05]} 22. Nxe4 {[%clk 0:01:07]} Nxe4 {[%clk 0:01:00]} 23. Bxe4
{[%clk 0:01:08]} Nf6 {[%clk 0:01:01]} 24. Bf3 {[%clk 0:01:03]} h4
{[%clk 0:01:02]} 25. b3 {[%clk 0:01:00]} Bd8 {[%clk 0:01:01]} 26. c4
{[%clk 0:01:01]} Qd7 {[%clk 0:01:02]} 27. Qd4 {[%clk 0:00:54]} Nh7
{[%clk 0:01:00]} 28. Bg4 {[%clk 0:00:52]} f5 {[%clk 0:01:01]} 29. Bh5
{[%clk 0:00:53]} Bf6 {[%clk 0:00:58]} 30. Qd3 {[%clk 0:00:50]} Bxa1
{[%clk 0:00:31]} 31. Bxe8 {[%clk 0:00:51]} Rxe8 {[%clk 0:00:32]} 32. Rxa1
{[%clk 0:00:52]} Nf6 {[%clk 0:00:33]} 33. b4 {[%clk 0:00:44]} Ne4
{[%clk 0:00:33]} 34. c5 {[%clk 0:00:42]} Qf7 {[%clk 0:00:32]} 35. c6
{[%clk 0:00:37]} f4 {[%clk 0:00:33]} 36. Bb6 {[%clk 0:00:35]} bxc6
{[%clk 0:00:28]} 37. dxc6 Ng5 38. Qxd6 {[%clk 0:00:25]} f3 {[%clk 0:00:28]} 39.
Qd7 {[%clk 0:00:26]} Qg6 {[%clk 0:00:29]} 40. c7 {[%clk 0:00:23]} Ne6
{[%clk 0:00:26]} 41. g4 {[%clk 0:00:12]} hxg3 {[%clk 0:00:27]} 42. Kf1
{[%clk 0:00:08]} gxf2 {[%clk 0:00:26]} 43. Bxf2 {[%clk 0:00:08]} Qg2+
{[%clk 0:00:22]} 44. Ke1 {[%clk 0:00:09]} Nxc7+ {[%clk 0:00:23]} 45. Qxe8+
{[%clk 0:00:05]} Nxe8 {[%clk 0:00:24]} 46. Rc1 {[%clk 0:00:06]} Nd6
{[%clk 0:00:24]} 47. Rc6 {[%clk 0:00:04]} Ne4 {[%clk 0:00:24]} 0-1